000 00446nam a2200181Ia 4500
003 GCL
008 140319s9999 xx 000 0 eng d
040 _aGCL /
_cGCL
082 0 4 _a631.43
_bO S
100 1 _aOSWAL, M.C
245 1 0 _aSOIL PHYSICS /
_cOSWAL, M.C
260 _a[S.N] :
_bOXFORD & IBH PUBLISHING CO.PVT. LTD. ،
_c1994
300 _a360 P
650 0 4 _aSOIL
650 0 4 _aAGRICULTURE
650 0 4 _aIRRIGATION
942 _2ddc
_cBK
999 _c20386
_d20386